Every Characte In Percy Jackson And The Olympians By Letter-A - Statistics

General Stats
  • This quiz has been taken 22 times
  • The average score is 7 of 24
Answer Stats
Times Mentioned Answer % Correct
1,888 Annabeth Chase
94%
109 Athena
83%
225 Ares
72%
182 Artemis
72%
48 Aphrodite
67%
154 Apollo
67%
14 Achilles
39%
22 Argus
39%
104 Atlas/The General
28%
1 Arachne
22%
17 Ariadne
22%
60 Ms. Dodd's/Alecto
17%
2 Amphitrite
11%
1 Aeneas
6%
12 Agrius
6%
1 Atalanta
6%
1 Austin
6%
1 Aegeas
0%
18 Aelia
0%
1 Aeolus
0%
1 Aiagos
0%
1 Amelia Aerhart
0%
17 Anger
0%
46 Anteaus
0%
No matching quizzes found
Score Distribution
Percent of People with Each Score
Percentile by Number Answered
Your Score History
You have not taken this quiz